| 000 | 01100nam a22002417a 4500 | ||
|---|---|---|---|
| 005 | 20210325180642.0 | ||
| 008 | s2544 th tha d | ||
| 020 | _a9747834073 | ||
| 041 | _atha | ||
| 050 | _aJQ1745.A5 ส868ป 2544 | ||
| 100 | 0 | _aสุลักษณ์ ศิวรักษ์ | |
| 245 | 1 | 0 | _aประวัติศาสตร์สังคมการเมืองไทย |
| 260 | 3 |
_aกรุงเทพฯ : _bคณะกรรมการดำเนินงานฉลอง 100 ปี ชาตกาล นายปรีดี พนมยงค์ รัฐบุรุษอาวุโส, _c2544 |
|
| 300 |
_a100 หน้า ; _b 21 ซม. |
||
| 650 | 0 | 4 | _aสยาม (ชื่อประเทศ) |
| 650 | 0 | 4 | _aไทย -- การเมืองและการปกครอง -- รวมเรื่อง |
| 650 | 0 | 4 | _aไทย (ชื่อประเทศ) |
| 700 | 0 | _aสุลักษณ์ ศิวรักษ์ | |
| 850 | _aNALT | ||
| 942 | _cGB | ||
| 997 | _c000000000009849 | ||
| 998 | _aPRATHANA | ||
| 999 |
_c9849 _d9849 |
||